000 00709nam a2200205 i 4500
001 123224
003 ES-MaACL
005 20250822032758.0
007 t|
008 070214s1982 sp a |||| | spa d
080 _a159.9:331
245 0 0 _aPsicología y técnica empresarial /
_cedición a cargo de Guillermo B. Floría ; prólogo por Antonio Garrigues Walker.
260 _aEsplugues de Llobregat (Barcelona) :
_bPlaza & Janés,
_c1982.
300 _a3 v :
_bil. ;
_c27 cm.
650 7 _aPsicología industrial
_2embne
_9148242
700 1 _aFloría, Guillermo B.
_9162050
700 1 _aGarrigues Walker, Antonio,
_d1934-
_955772
852 4 _aES-MaACL
_jL-2550-52
999 _c123224
_d123224